Business models made easy

Salvato in:
Dettagli Bibliografici
Autore principale: Debelak, Don
Natura: Libro
Lingua:inglese
Pubblicazione: [Irvine] Entrepreneur Press 2006
Serie:Entrepreneur's made easy series
Soggetti:
Tags: Aggiungi Tag
Nessun Tag, puoi essere il primo ad aggiungerne!!

MARC

LEADER 00000nam a2200000 4500
001 0143087
005 20240314085647.8
020 |a 1-59918-041-3 
041 0 |a eng 
245 1 0 |a Business models made easy  |c Don Debelak 
264 1 |a [Irvine]  |b Entrepreneur Press  |c 2006 
300 |a xi, 224 s. 
490 1 |a Entrepreneur's made easy series 
830 0 |a Entrepreneur's made easy series 
610 2 0 |a politika podnikania 
610 2 0 |a politika podniková 
610 2 0 |a plánovanie podnikové 
610 2 0 |a plán podnikateľský 
610 2 0 |a plán podnikový 
610 2 0 |a štúdie prípadové 
610 2 0 |a zákazníci 
610 2 0 |a predaj 
610 2 0 |a podpora predaja 
610 2 0 |a stratégia marketingová 
610 2 0 |a plán marketingový 
610 2 0 |a stratégia podnikateľská 
610 2 0 |a stratégia podniková 
610 2 0 |a ciele podnikové 
100 1 |a Debelak, Don